000 00302nam a22001457a 4500
003 SGT
020 _a9789348002662
082 _a346.022
_bBAN
100 _aBANGIA R K
245 _aCONTRACT 1
250 _a10
260 _aFARIDABAD
_bALLAHABAD LAW AGENCY
_c2025
300 _a588
942 _2ddc
_cBK
999 _c34071
_d34071